Frederick Law Olmsted Academic Campuses - Statistics

General Stats
  • This quiz has been taken 2 times
  • The average score is 12 of 25
Answer Stats
Type State Answer % Correct
Higher education D.C American University
100%
Higher education New York Cornell University
100%
Higher education Illinois University of Chicago
100%
Higher education Connecticut Yale University
100%
College preparatory school Maine Berwick Academy
50%
Higher education Pennsylvania Bryn Mawr College
50%
Higher education D.C. Gallaudet University
50%
College preparatory school Massachusetts Groton School
50%
Higher education Massachusetts Mount Holyoke College
50%
College preparatory school Massachusetts Phillips Academy
50%
College preparatory school Connecticut Pomfret School
50%
Higher education Massachusetts Smith College
50%
Higher education Kentucky Southern Baptist Theological Seminary
50%
Higher education California Stanford University
50%
Higher education Connecticut Trinity College
50%
Higher education California University of California, Berkeley
50%
Higher education Maine University of Maine
50%
Higher education New York University of Rochester
50%
Higher education Missouri Washington University in St. Louis
50%
Higher education Massachusetts Wellesley College
50%
Higher education New Jersey Fairleigh Dickinson University
0%
College preparatory school New Jersey Lawrenceville School
0%
Higher education New York Manhattanville College
0%
College preparatory school Massachusetts Noble and Greenough School
0%
College preparatory school D.C. St. Albans School
0%
No matching quizzes found
Score Distribution
Percent of People with Each Score
Percentile by Number Answered
Your Score History
You have not taken this quiz